000 01246nam a2200217Ia 4500
001 7342
003 GE_BSU
008 181216s||||||||xx |||||||||||||| ||und||
020 _a9789941048388
040 _cGE_BSU
080 _a741(092)+069(479.22)
245 _aვერა ფაღავა, თბილისი 2012 = VERA PAGAVA, TBILISI 2012. წონასწორობა, მედიტაცია და სიჩუმე თანამედროვე სამყაროს მოუსვენრობასა და შფოთში.
245 _bსაქართველოს ეროვნული მუზეუმი 2012 წლის 15 სექტემბრიდან 15 ოქტომბრამდე.
260 _aთბილისი.
260 _bსეზანი.
260 _c2012.
300 _a117 გვ; 28 სმ.
300 _bილ.
653 _aვერა ფაღავა, თბილისი 2012 = VERA PAGAVA, TBILISI 2012. წონასწორობა, მედიტაცია და სიჩუმე თანამედროვე სამყაროს მოუსვენრობასა და შფოთში.
942 _cBK
999 _c40706
_d40706